| 000 | 00418nam a2200157Ia 4500 | ||
|---|---|---|---|
| 008 | 181130s2018 xx 000 0 und d | ||
| 100 | _aArce, Moises et al | ||
| 245 | _aResource wealth, democracy and mobilisation | ||
| 260 | _c2018 | ||
| 300 | _ap.949-967. | ||
| 504 | _dJun | ||
| 650 | _aDemocracy | ||
| 650 | _aResource management | ||
| 773 | _aJournal of Development Studies | ||
| 906 | _aResource management | ||
| 999 |
_c506451 _d506451 |
||